000
00300nam a2200121Ia 4500
005
20251222144739.0
008
251222s9999||||xx |||||||||||||| ||spa||
020
_a
84-7481-857-5
082
_a
379.46/U61
245
0
_a
Normativa Universitaria 1997
264
_b
Universidad de Salamanca
942
_c
LIB
999
_c
18902
_d
18902